Anales de la Academia Sevillana del Notariado (Registro nro. 159440)

Detalles MARC
000 -LEADER
fixed length control field 01241ny a22002653n 4500
008 - FIXED-LENGTH DATA ELEMENTS--GENERAL INFORMATION
fixed length control field 100806s2010 sp r 000 0|spa d
035 ## -
-- 4987
040 ## - CATALOGING SOURCE
Original cataloging agency BUS
Modifying agency vLex
090 ## -
-- 932
-- 932
100 1# - MAIN ENTRY--PERSONAL NAME
Personal name Romero Candau, Pedro A.
245 10 - TITLE STATEMENT
Title Anales de la Academia Sevillana del Notariado
Medium [Recurso electrónico]
Name of part/section of a work Tomo 19:
Remainder of title Conferencias del curso académico 2007-2008 /
Statement of responsibility, etc Pedro Romero Candau, Ricardo Cabanas Trejo
256 ## -
-- Servicio en línea
260 ## - PUBLICATION, DISTRIBUTION, ETC. (IMPRINT)
Place of publication, distribution, etc Sevilla :
Name of publisher, distributor, etc Academia Sevillana del Notariado,
Date of publication, distribution, etc 2009
506 1# - RESTRICTIONS ON ACCESS NOTE
Terms governing access Contenido solo disponible en los productos indicados
Authorized users vLex Global
-- vLex Global (Academic Edition, excluding Law Schools)
-- vLex Global (U.S. Academic Edition, Law Schools)
-- vLex Global (U.S. Academic Edition, excluding Law Schools)
-- vLex Global (Academic Edition, Law Schools)
650 07 - SUBJECT ADDED ENTRY--TOPICAL TERM
Topical term or geographic name as entry element Derecho civil
Source of heading or term Tesauro vLex
650 07 - SUBJECT ADDED ENTRY--TOPICAL TERM
Topical term or geographic name as entry element Derecho mercantil
Source of heading or term Tesauro vLex
650 07 - SUBJECT ADDED ENTRY--TOPICAL TERM
Topical term or geographic name as entry element Jurisdicción voluntaria
Source of heading or term Tesauro vLex
650 07 - SUBJECT ADDED ENTRY--TOPICAL TERM
Topical term or geographic name as entry element Notariado
Source of heading or term Tesauro vLex
700 1# - ADDED ENTRY--PERSONAL NAME
Personal name Cabanas Trejo, Ricardo,
Relator term coaut.
710 2# - ADDED ENTRY--CORPORATE NAME
Corporate name or jurisdiction name as entry element Academia Sevillana del Notariado
740 0# -
-- vLex Libros (Servicios en línea)
856 40 - LOCALIZACIÓN Y ACCESO ELECTRÓNICO
Identificador Uniforme del Recurso (URI/URL) https://app.vlex.com/#/sources/4987
942 ## -
-- RAA
999 ## -
-- 159440
-- 159440

No hay ítems disponibles.


CONTACTO


NOSOTROS


SITIOS DE INTERES

coordinacion.biblioteca.biblioteca@unienlinea.mx Misión, Visión y Objetivos Bases de datos
Directorio Bibliotecas Digitales y Repositorios
Normatividad Revistas y artículos
Convenios interbibliotecarios
Boletines



Hecho en México. Universidad Insurgentes (UIN). Todos los derechos reservados 2024. Esta página y sus contenidos pueden ser reproducidos con fines no lucrativos, siempre y cuando no se mutile, se cite la fuente completa y su dirección electrónicas. De otra forma requiere permiso previo por escrito de la institución




2024 Copyright Universidad Insurgentes | www.bibliouin.com.mx